|
|
|
|
| LEADER |
01027nam a22002531 4500 |
| 001 |
c000324260 |
| 003 |
CARM |
| 005 |
00000000000000.0 |
| 008 |
740514s1967 maua b 00010 eng |
| 019 |
1 |
|
|a 667367
|5 LACONCORD2021
|
| 035 |
|
|
|a (OCoLC)335071
|5 LACONCORD2021
|
| 050 |
0 |
0 |
|a PN4121
|b .J3 1967
|
| 100 |
1 |
|
|a Jakobson, Roman,
|d 1896-1982.
|
| 245 |
1 |
0 |
|a Preliminaries to speech analysis;
|b the distinctive features and their correlates
|c [by] Roman Jakobson, C. Gunnar M. Fant [and] Morris Halle.
|
| 260 |
|
|
|a Cambridge, Mass.,
|b M.I.T. Press
|c [1967]
|
| 300 |
|
|
|a viii, 64 p.
|b illus.
|c 24 cm.
|
| 504 |
|
|
|a Bibliography: p. 53-55.
|
| 650 |
|
0 |
|a Distinctive features (Linguistics)
|
| 700 |
1 |
|
|a Fant, Gunnar.
|e joint author.
|
| 700 |
1 |
|
|a Halle, Morris.
|e joint author.
|
| 852 |
8 |
|
|b CARM
|h A1:AM04F0
|i B09201
|p 0424844
|f BK
|
| 082 |
0 |
4 |
|a 808.5
|
| 999 |
f |
f |
|i f6395af7-8ff4-5f32-9088-a0f12dd23ee7
|s a169c789-95ea-5376-9089-e718534cd659
|
| 952 |
f |
f |
|p Can circulate
|a CAVAL
|b CAVAL
|c CAVAL
|d CARM 1 Store
|e B09201
|f A1:AM04F0
|h Other scheme
|i book
|m 0424844
|